[Event "Pan American-ch School U15 12th"]
[Site "Callao"]
[Date "2023.10.19"]
[Round "6"]
[White "Yujra Paredez, Ignacio Tadeo"]
[Black "Peralta Macas, Santiak Emanuel"]
[Result "1-0"]
[WhiteElo "1611"]
[BlackElo "1428"]
[PlyCount "42"]
[EventDate "2023.10.16"]
[EventType "swiss"]
[EventRounds "9"]
[EventCountry "PER"]
[SourceTitle "Mega2024 Update 01"]
[Source "Chessbase"]
[SourceDate "2023.11.12"]
[SourceVersion "1"]
[SourceVersionDate "2023.11.12"]
[SourceQuality "1"]

1. e4 e5 2. Nf3 Nc6 3. Bc4 Bc5 4. 0-0 Nf6 5. d3 d6 6. c3 a6 7. a4 0-0 8. Nbd2 Be6 9. Re1 Qd7 10. Bxe6 fxe6 11. Nf1 d5 12. Bg5 Rae8 13. b4 Bb6 14. Ng3 Qd6 15. Ra2 Nd7 16. Bc1 d4 17. b5 axb5 18. axb5 Ne7 19. Ba3 Bc5 20. Qa4 Ra8 21. Bxc5 Qxc5 1-0